Okostelefon vásárlási szokások

Bibliográfiai részletek
Szerző: Rakács Gergely
További közreműködők: Papp Judit
Dokumentumtípus: Projektmunka
Kulcsszavak:5G
elektronikus vásárlás - online vásárlás
márka
mobiltelefonok
SWOT-elemzés
Online Access:http://dolgozattar.uni-bge.hu/60286

MARC

LEADER 00000nnm a2200000 i 4500
001 dolg60286
005 20260409150241.0
008 260409suuuu hu o 000 hun d
040 |a BGE Dolgozattár Repozitórium  |b hun 
041 |a hu 
100 1 |a Rakács Gergely 
245 1 0 |a Okostelefon vásárlási szokások  |c Rakács Gergely  |h [elektronikus dokumentum] 
516 |a Project_work 
520 3 |a Jelen szakdolgozatom a magyar fogyasztók okostelefon vásárlási szokásait és az azokat befolyásoló tényezőket tárja fel egy kérdőíves kutatás segítségével. A kérdőív elemzése alapjána fogyasztók jellemzően tervezetten, online vagy fizikai boltban vásárolnak új készüléket. A felmérésem feltárta, hogy a magyar emberek, főleg az érettségivel rendelkező 20-25 éves emberek, átlagosan 2-3 évente cserélik le készülékeiket egy újra vagy akár használtra. Az emberek nagyon sokat használják egy nap okostelefonjaikat, ami körülbelül 3 és 8 óra használatot jelent átlagosan.A legfontosabb döntési szempontok az akkumulátor, kamera és kijelző minősége. Az eredmények betekintést nyújtanak a fogyasztói prioritásokba is egyaránt. 
695 |a 5G 
695 |a elektronikus vásárlás - online vásárlás 
695 |a márka 
695 |a mobiltelefonok 
695 |a SWOT-elemzés 
700 1 |a Papp Judit  |e ths 
856 4 0 |u http://dolgozattar.uni-bge.hu/60286/1/Rak%C3%A1csGergely2025Projektmunka.pdf  |z Dokumentum-elérés 
856 4 0 |u http://dolgozattar.uni-bge.hu/60286/2/RAK%C3%81CS%20GERGELY%20KM%20FOSZK%20b%C3%ADr%C3%A1lati%20lap%20%281%29.pdf  |z Dokumentum-elérés